00744 2200265 4500001002100000005001500021035002000036007000300056008004100059020001800100082001000118084001600128100001300144245012600157250001000283260003800293300003000331650001100361700001600372700002100388700001700409520003000426990001100456990001100467INLIS00000000000293620190119105405 a0010-0119000288ta190119 g 1 ind  a9786025113512 a741.5 a741.5 ANI s0 aANIS, Sn1 aSmartkidz Cerita Sains :bKeajaiban Peristiwa di Sekitar /cAnis Sn; penyunting, Tin Zuleha, Sulistyo Wibowo, Elly Dian M acet.1 aSurakarta :bBintang Kelas,c2018 a125 hlm. :bilus ;c24 cm aGAMBAR0 aTIN, Zuleha0 aSULISTYO, Wibowo0 aELLY, Dian M aBibliografi: hlm. 124-125 a6422 a a6422 b